002970000a220007300045001000016000002450124000163000054001407730029001941 aMaust, John10aCastle with a cause : Mexican church trains cross-cultural workers, including more than 100 headed this summer to Spain aVol. 72, Num 2 (Abril-Junio, 1992), Páginas 6-70 tLatin America Evangelist